[Event "Tournament"]
[Site "?"]
[Date "2015.01.15"]
[Round "8.4"]
[White "Harutyunian, Tigran"]
[Black "Martirosyan, Haik"]
[Result "0-1"]
[WhiteElo "2439"]
[BlackElo "2389"]
[PlyCount "114"]
[EventDate "2015.??.??"]

1. c4 Nf6 2. g3 c5 3. Bg2 e6 4. Nf3 Be7 5. O-O O-O 6. Nc3 a6 7. d4 cxd4 8. Qxd4
d6 9. Rd1 Qc7 10. Bg5 Nc6 11. Qd2 Rd8 12. Rac1 Ne5 13. b3 h6 14. Bf4 Ng6 15.
Be3 Bd7 16. a4 Rac8 17. h3 Be8 18. Nd4 d5 19. Qb2 dxc4 20. bxc4 b6 21. Kh2 Bc5
22. Nc2 Ne5 23. Qb3 Rxd1 24. Nxd1 Nfd7 25. Nd4 Bd6 26. Nb2 Nc5 27. Qc2 h5 28.
Kg1 h4 29. gxh4 Qd8 30. Bg5 Be7 31. Qd2 Nxa4 32. Nxa4 Bxa4 33. Bxe7 Qxe7 34.
Qf4 Ng6 35. Qg3 Qxh4 36. Qxh4 Nxh4 37. Bb7 Rd8 38. e3 e5 39. Ne2 a5 40. c5 Rd7
41. Bc8 Rd2 42. cxb6 Rxe2 43. Ba6 Rb2 44. b7 Nf3+ 45. Kg2 Ne1+ 46. Kg3 Nc2 47.
Rd1 Nd4 48. Rd2 Rb3 49. b8=Q+ Rxb8 50. exd4 exd4 51. Rxd4 Bb3 52. Bc4 a4 53. f3
Kf8 54. Rh4 Rb4 55. Rh8+ Ke7 56. Bd3 a3 57. Ra8 Ra4 0-1

[Event "Tournament"]
[Site "?"]
[Date "2015.01.15"]
[Round "8.5"]
[White "Alekseenko, Kirill"]
[Black "Chigaev, Maksim"]
[Result "0-1"]
[WhiteElo "2499"]
[BlackElo "2494"]
[PlyCount "50"]
[EventDate "2015.??.??"]

1. e4 d5 2. exd5 Qxd5 3. Nc3 Qd6 4. d4 Nf6 5. Nf3 g6 6. g3 Bg7 7. Bg2 Qa6 8.
Bf4 c6 9. Qd2 O-O 10. Bh6 Bxh6 11. Qxh6 Bf5 12. O-O-O b5 13. a3 b4 14. Bf1 Qa5
15. axb4 Qa1+ 16. Nb1 a5 17. Bc4 Nbd7 18. Nfd2 axb4 19. Nb3 Qa2 20. Qd2 Rfb8
21. Qe2 Nb6 22. N3d2 Nxc4 23. Qxc4 b3 24. cxb3 Nd5 25. Rhe1 Rb4 0-1

[Event "Tournament"]
[Site "?"]
[Date "2015.01.16"]
[Round "9.1"]
[White "Chigaev, Maksim"]
[Black "Matviishen, Viktor"]
[Result "1/2-1/2"]
[WhiteElo "2494"]
[BlackElo "2364"]
[PlyCount "81"]
[EventDate "2015.??.??"]

1. b3 d5 2. Bb2 Bg4 3. g3 e6 4. Bg2 Nf6 5. Nf3 Nbd7 6. d3 Be7 7. Nbd2 O-O 8.
O-O a5 9. a3 c6 10. h3 Bh5 11. e4 dxe4 12. dxe4 h6 13. Qe2 Qc7 14. e5 Nd5 15.
c4 N5b6 16. Qe3 Rfd8 17. g4 Bg6 18. h4 a4 19. h5 Bh7 20. b4 c5 21. b5 Nf8 22.
Qf4 Rd3 23. Rac1 Rad8 24. Bc3 R3d7 25. Ba5 Bd3 26. Rfe1 Nh7 27. Ne4 Ra8 28.
Bxb6 Qxb6 29. Rcd1 Rad8 30. Nd6 Bxd6 31. exd6 Rxd6 32. Ne5 Ng5 33. Qg3 Bc2 34.
Rxd6 Qxd6 35. f4 Qd4+ 36. Qe3 Ne4 37. Qxd4 Rxd4 38. Re2 Bb1 39. Re1 Bc2 40. Re2
Bb1 41. Re1 1/2-1/2

[Event "Tournament"]
[Site "?"]
[Date "2015.01.16"]
[Round "9.2"]
[White "Martirosyan, Haik"]
[Black "Alekseenko, Kirill"]
[Result "1/2-1/2"]
[WhiteElo "2389"]
[BlackElo "2499"]
[PlyCount "87"]
[EventDate "2015.??.??"]

1. d4 e6 2. c4 Bb4+ 3. Nc3 c5 4. e3 Nf6 5. Nf3 O-O 6. Be2 Ne4 7. Bd2 Bxc3 8.
Bxc3 Nxc3 9. bxc3 d6 10. O-O Qe7 11. a4 e5 12. a5 Nc6 13. d5 Nd8 14. e4 f5 15.
Nd2 Qh4 16. g3 Qh6 17. exf5 Bxf5 18. Ra2 Qg6 19. Bh5 Qg5 20. h4 Qf6 21. Qe2 Rc8
22. Bg4 g6 23. Ne4 Qe7 24. f3 Rc7 25. Kg2 Kg7 26. h5 Bxe4 27. Qxe4 Nf7 28. hxg6
hxg6 29. Re2 Qg5 30. Rh1 Re7 31. Be6 Qf6 32. Rf2 Nd8 33. Bg4 Qg5 34. Re2 Rh8
35. Rxh8 Kxh8 36. Qe3 Qf6 37. Re1 Kg8 38. f4 Kg7 39. Bh3 b6 40. a6 Kg8 41. Bg4
Kg7 42. Bh3 Qf7 43. Qe4 Kf8 44. Qe3 1/2-1/2

[Event "Tournament"]
[Site "?"]
[Date "2015.01.16"]
[Round "9.3"]
[White "Babujian, Levon"]
[Black "Harutyunian, Tigran"]
[Result "0-1"]
[WhiteElo "2479"]
[BlackElo "2439"]
[PlyCount "104"]
[EventDate "2015.??.??"]

1. e4 c5 2. Nf3 e6 3. d4 cxd4 4. Nxd4 Nc6 5. Nc3 Qc7 6. Be3 a6 7. Qd2 Nf6 8.
O-O-O Bb4 9. f3 Ne7 10. Nde2 b5 11. Kb1 Ba5 12. Qd4 Nc6 13. Qc5 Bb4 14. Qg5 O-O
15. Qg3 Qb8 16. Bf4 Qb6 17. Bg5 Ne8 18. e5 f6 19. exf6 Nxf6 20. h4 Ne7 21. h5
Nf5 22. Qf4 Bc5 23. Bxf6 gxf6 24. Qg4+ Kh8 25. Nd5 Qd8 26. Nec3 Rg8 27. Qf4 Bd6
28. Qd2 Bb7 29. Bd3 Ng3 30. Qh6 f5 31. Rh3 b4 32. Nf6 Rg7 33. Na4 Rf7 34. Qg5
Qxf6 35. Qxf6+ Rxf6 36. Bc4 Bf4 37. Nb6 Rd8 38. Rxd7 Rff8 39. a3 Bc6 40. Rxd8
Rxd8 41. axb4 Rb8 42. Rh4 Be3 43. Bxe6 Rxb6 44. Rc4 Kg7 45. Rc3 Bd2 46. Rd3
Bxb4 47. Rd8 Kf6 48. Bc4 Nxh5 49. Rh8 Kg6 50. g4 Nf6 51. gxf5+ Kxf5 52. Bd3+
Ke5 0-1

[Event "Tournament"]
[Site "?"]
[Date "2015.01.16"]
[Round "9.4"]
[White "Hayrapetyan, Hovik"]
[Black "Petrosyan, Manuel"]
[Result "1/2-1/2"]
[WhiteElo "2451"]
[BlackElo "2413"]
[PlyCount "37"]
[EventDate "2015.??.??"]

1. d4 Nf6 2. c4 e6 3. Nf3 Bb4+ 4. Bd2 Qe7 5. e3 Ne4 6. Bxb4 Qxb4+ 7. Nbd2 Nxd2
8. Qxd2 Qxd2+ 9. Kxd2 d6 10. Be2 c5 11. Kc3 Nc6 12. Rhd1 Ke7 13. Rd2 Bd7 14.
Rad1 Rhd8 15. h4 Be8 16. dxc5 dxc5 17. Rxd8 Rxd8 18. Rxd8 Nxd8 19. a3 1/2-1/2

[Event "Tournament"]
[Site "?"]
[Date "2015.01.16"]
[Round "9.5"]
[White "Baghdasaryan, Vahe"]
[Black "Bernadskiy, Vitaliy"]
[Result "0-1"]
[WhiteElo "2372"]
[BlackElo "2556"]
[PlyCount "106"]
[EventDate "2015.??.??"]

1. e4 c6 2. d4 d5 3. e5 c5 4. dxc5 Nc6 5. Bf4 e6 6. Nd2 Bxc5 7. Nb3 Bb6 8. Qg4
Kf8 9. c3 Nge7 10. Bd3 Ng6 11. Bxg6 hxg6 12. Nf3 Bd7 13. O-O Ne7 14. Bg5 Bb5
15. Rfe1 Bd3 16. Nfd4 Qd7 17. Rad1 Ba6 18. a4 Rc8 19. a5 Bd8 20. Be3 Nf5 21.
Nxf5 gxf5 22. Qd4 Qb5 23. Qb4+ Be7 24. Qxb5 Bxb5 25. Nd4 Bd7 26. a6 b6 27. b3
g5 28. c4 f4 29. Bc1 Bb4 30. Re2 Kg7 31. cxd5 exd5 32. Bb2 Be6 33. Nb5 Rc5 34.
Nd6 Ra5 35. Ra1 Rxa1+ 36. Bxa1 Kg6 37. Rc2 Bc5 38. h3 f3 39. b4 Bxb4 40. Rc7
fxg2 41. Rxa7 Bc5 42. Kxg2 Bxh3+ 43. Kg1 Be6 44. Nb5 d4 45. Bxd4 Bd5 46. f3
Bxf3 47. e6 fxe6 48. Rg7+ Kf5 49. a7 Kf4 50. Bxc5 bxc5 51. Kf2 Rh2+ 52. Kf1 g4
53. Ke1 Ke5 0-1